<?xml version="1.0" encoding="UTF-8"?>
<record
    xmlns:xsi="http://www.w3.org/2001/XMLSchema-instance"
    xsi:schemaLocation="http://www.loc.gov/MARC21/slim http://www.loc.gov/standards/marcxml/schema/MARC21slim.xsd"
    xmlns="http://www.loc.gov/MARC21/slim">

  <leader>00600nam a2200181Ia 4500</leader>
  <datafield tag="952" ind1=" " ind2=" ">
    <subfield code="0">0</subfield>
    <subfield code="1">0</subfield>
    <subfield code="2">lcc</subfield>
    <subfield code="4">0</subfield>
    <subfield code="7">0</subfield>
    <subfield code="a">22</subfield>
    <subfield code="b">22</subfield>
    <subfield code="d">2007-01-08</subfield>
    <subfield code="l">1</subfield>
    <subfield code="o">HF5549 R63</subfield>
    <subfield code="p">11 002868</subfield>
    <subfield code="r">2023-07-17</subfield>
    <subfield code="s">2013-03-04</subfield>
    <subfield code="t">1</subfield>
    <subfield code="w">2012-06-26</subfield>
    <subfield code="y">LB</subfield>
  </datafield>
  <datafield tag="952" ind1=" " ind2=" ">
    <subfield code="0">0</subfield>
    <subfield code="1">0</subfield>
    <subfield code="4">0</subfield>
    <subfield code="7">0</subfield>
    <subfield code="a">11</subfield>
    <subfield code="b">11</subfield>
    <subfield code="d">2007-09-06</subfield>
    <subfield code="l">0</subfield>
    <subfield code="o">HF5549 R63</subfield>
    <subfield code="p">11 006645</subfield>
    <subfield code="r">2012-06-26</subfield>
    <subfield code="t">2</subfield>
    <subfield code="w">2012-06-26</subfield>
    <subfield code="y">LB</subfield>
  </datafield>
  <datafield tag="952" ind1=" " ind2=" ">
    <subfield code="0">0</subfield>
    <subfield code="1">0</subfield>
    <subfield code="2">lcc</subfield>
    <subfield code="4">0</subfield>
    <subfield code="7">0</subfield>
    <subfield code="a">11</subfield>
    <subfield code="b">11</subfield>
    <subfield code="d">2013-05-24</subfield>
    <subfield code="l">4</subfield>
    <subfield code="o">HF5549 R63</subfield>
    <subfield code="p">11 010223</subfield>
    <subfield code="r">2015-10-25</subfield>
    <subfield code="s">2015-10-25</subfield>
    <subfield code="t">3</subfield>
    <subfield code="w">2013-05-24</subfield>
    <subfield code="y">LB</subfield>
  </datafield>
  <datafield tag="952" ind1=" " ind2=" ">
    <subfield code="0">0</subfield>
    <subfield code="1">0</subfield>
    <subfield code="2">lcc</subfield>
    <subfield code="4">0</subfield>
    <subfield code="7">0</subfield>
    <subfield code="a">11</subfield>
    <subfield code="b">11</subfield>
    <subfield code="d">2013-05-24</subfield>
    <subfield code="l">0</subfield>
    <subfield code="o">HF5549 R63</subfield>
    <subfield code="p">11 010224</subfield>
    <subfield code="r">2013-05-24</subfield>
    <subfield code="t">4</subfield>
    <subfield code="w">2013-05-24</subfield>
    <subfield code="y">LB</subfield>
  </datafield>
  <datafield tag="952" ind1=" " ind2=" ">
    <subfield code="0">0</subfield>
    <subfield code="1">0</subfield>
    <subfield code="2">lcc</subfield>
    <subfield code="4">0</subfield>
    <subfield code="7">0</subfield>
    <subfield code="a">11</subfield>
    <subfield code="b">11</subfield>
    <subfield code="d">2013-05-24</subfield>
    <subfield code="l">1</subfield>
    <subfield code="o">HF5549 R63</subfield>
    <subfield code="p">11 010225</subfield>
    <subfield code="r">2015-07-21</subfield>
    <subfield code="s">2015-07-21</subfield>
    <subfield code="t">5</subfield>
    <subfield code="w">2013-05-24</subfield>
    <subfield code="y">LB</subfield>
  </datafield>
  <datafield tag="952" ind1=" " ind2=" ">
    <subfield code="0">0</subfield>
    <subfield code="1">0</subfield>
    <subfield code="2">lcc</subfield>
    <subfield code="4">0</subfield>
    <subfield code="7">0</subfield>
    <subfield code="a">04</subfield>
    <subfield code="b">04</subfield>
    <subfield code="d">2015-11-03</subfield>
    <subfield code="l">0</subfield>
    <subfield code="o">HF5549 R562 1988</subfield>
    <subfield code="p">05 002231</subfield>
    <subfield code="r">2023-02-13</subfield>
    <subfield code="t">1</subfield>
    <subfield code="w">2015-11-03</subfield>
    <subfield code="y">LB</subfield>
  </datafield>
  <datafield tag="952" ind1=" " ind2=" ">
    <subfield code="0">0</subfield>
    <subfield code="1">0</subfield>
    <subfield code="2">lcc</subfield>
    <subfield code="4">0</subfield>
    <subfield code="7">0</subfield>
    <subfield code="a">04</subfield>
    <subfield code="b">04</subfield>
    <subfield code="d">2015-11-03</subfield>
    <subfield code="l">0</subfield>
    <subfield code="o">HF5549 R562 1988</subfield>
    <subfield code="p">05 002232</subfield>
    <subfield code="r">2023-02-13</subfield>
    <subfield code="t">2</subfield>
    <subfield code="w">2015-11-03</subfield>
    <subfield code="y">LB</subfield>
  </datafield>
  <datafield tag="952" ind1=" " ind2=" ">
    <subfield code="0">0</subfield>
    <subfield code="1">0</subfield>
    <subfield code="2">lcc</subfield>
    <subfield code="4">0</subfield>
    <subfield code="7">0</subfield>
    <subfield code="a">12</subfield>
    <subfield code="b">12</subfield>
    <subfield code="d">2017-12-14</subfield>
    <subfield code="l">0</subfield>
    <subfield code="o">HF5549  R63 1988</subfield>
    <subfield code="p">24 000507</subfield>
    <subfield code="r">2023-01-23</subfield>
    <subfield code="t">1</subfield>
    <subfield code="w">2017-12-14</subfield>
    <subfield code="y">LB</subfield>
  </datafield>
  <datafield tag="999" ind1=" " ind2=" ">
    <subfield code="c">70012</subfield>
    <subfield code="d">70012</subfield>
  </datafield>
  <controlfield tag="008">120626s1988    mx a          000 0 spa d</controlfield>
  <datafield tag="020" ind1=" " ind2=" ">
    <subfield code="a">9684264534</subfield>
  </datafield>
  <datafield tag="020" ind1=" " ind2=" ">
    <subfield code="a">9684268513 </subfield>
  </datafield>
  <datafield tag="050" ind1=" " ind2="4">
    <subfield code="a">HF5549 </subfield>
    <subfield code="b">R63</subfield>
  </datafield>
  <datafield tag="100" ind1="1" ind2=" ">
    <subfield code="a">Rodr&#xED;guez Estrada, Mauro</subfield>
    <subfield code="e">, autor.</subfield>
  </datafield>
  <datafield tag="245" ind1="1" ind2="0">
    <subfield code="a">Motivaci&#xF3;n al trabajo </subfield>
    <subfield code="c">/ Mauro, Rodr&#xED;guez Estrada.</subfield>
  </datafield>
  <datafield tag="250" ind1=" " ind2=" ">
    <subfield code="a">2&#xAA; Edici&#xF3;n.</subfield>
  </datafield>
  <datafield tag="260" ind1="3" ind2=" ">
    <subfield code="a">M&#xE9;xico</subfield>
    <subfield code="b">: Manual moderno</subfield>
    <subfield code="c">, 1988.</subfield>
  </datafield>
  <datafield tag="300" ind1=" " ind2=" ">
    <subfield code="a">80 p&#xE1;ginas.</subfield>
  </datafield>
  <datafield tag="519" ind1=" " ind2=" ">
    <subfield code="a">Plan flexible /</subfield>
    <subfield code="b">Administraci&#xF3;n de Empresas /</subfield>
    <subfield code="c">Alta Direcci&#xF3;n de Emprsas (1052-5) /</subfield>
    <subfield code="d">(24 000507)</subfield>
  </datafield>
  <datafield tag="650" ind1="1" ind2="4">
    <subfield code="a">EMPLEADOS   </subfield>
    <subfield code="x">MOTIVACI&#xD3;N</subfield>
  </datafield>
  <datafield tag="942" ind1=" " ind2=" ">
    <subfield code="c">LB</subfield>
  </datafield>
</record>
